Código procesal civil y comercial : comentado /

Guardado en:
Autor Principal: Ayarragaray, Carlos A.
Otros Autores: De Gregorio Lavié, Julio A.
Formato: Libro
Idioma:Spanish
Publicado: Buenos Aires : Zavalía, 1968
Etiquetas: Agregar Etiqueta
Sin Etiquetas, Sea el primero en etiquetar este registro!
LEADER 00464nam a22001335a 4500
001 DER.der000721
005 20050617000000.0
008 180615s1968####||||||||||||||||||||spa||
100 1 |a Ayarragaray, Carlos A. 
245 1 0 |a Código procesal civil y comercial :  |b comentado /  |c Carlos A. Ayarragaray , Julio A. De Gregorio Lavié 
260 |a Buenos Aires :  |b Zavalía,  |c 1968 
300 0 |a 938 p. 
700 1 |a De Gregorio Lavié, Julio A. 
859 |a DERECHO  |b BIB. DERECHO  |h 347  |i AYA  |p 000853